লোডিং...

Advertising attractions

গ্রন্থ-পঞ্জীর বিবরন
প্রধান লেখক: Arvind Korba
বিন্যাস: Printed Book
ভাষা:Undetermined
English
প্রকাশিত: New Delhi Kalyani Publishers 1992
বিষয়গুলি:
LEADER 00706nam a2200193Ia 4500
008 140306s9999 xx 000 0 und d
041 |a eng 
082 |a 659.1  |b ARV/AD 
100 |a Arvind Korba 
245 |a Advertising attractions 
260 |a New Delhi  |b Kalyani Publishers  |c 1992 
300 |a 277 
365 |b Rs.60 
650 |a Media of advertising 
650 |a Promoting sales 
942 |2 ddc  |c BK 
999 |c 179642  |d 179642 
952 |0 0  |1 0  |2 ddc  |4 0  |6 659_100000000000000_ARV_AD  |7 0  |9 184795  |a KAUCBV  |b KAUCBV  |d 2004-04-02  |g 60.00  |o 659.1 ARV/AD  |r 2014-03-22  |w 2014-03-22  |y BK 
952 |0 0  |1 0  |2 ddc  |4 0  |6 659_100000000000000_ARV_AD  |7 0  |9 184796  |a KAUCBV  |b KAUCBV  |d 2004-04-02  |g 60.00  |o 659.1 ARV/AD  |r 2014-03-22  |w 2014-03-22  |y BK